[Event "DEM U14w 2011"]
[Site "Oberhof GER"]
[Date "2011.06.12"]
[Round "2"]
[White "Diederichs, Luise"]
[Black "Weber, Sandra"]
[Result "1-0"]
[Termination "normal"]
[Board "7"]
[WhiteElo "1699"]
[BlackElo "1624"]
[PlyCount "65"]
[WhiteFideId "24661597"]
[BlackFideId "1270049"]
[EventCountry "GER"]
[EventRounds "9"]
[EventType "swiss"]
[EventDate "2011.06.11"]

1. c4 Nf6 2. Nc3 g6 3. g3 Bg7 4. Bg2 O-O 5. e4 d6 6. Nge2 c5 7. d3 Nc6 8. O-O
Ne8 9. f4 Nd4 10. Nxd4 Bxd4+ 11. Kh1 f5 12. Qe2 Nc7 13. Be3 Bxe3 14. Qxe3 e6
15. Rad1 Qe7 16. e5 Rb8 17. d4 dxe5 18. Qxe5 cxd4 19. Rxd4 Na6 20. Rfd1 Qc5 21.
Nd5 exd5 22. Bxd5+ Rf7 23. Qe8+ Qf8 24. Bxf7+ Kg7 25. Qxf8+ Kxf8 26. Bd5 Nb4
27. Bf3 Be6 28. Rd8+ Rxd8 29. Rxd8+ Kg7 30. Rb8 Nxa2 31. Rxb7+ Kh8 32. Bd5
Bxd5+ 33. cxd5 1-0

[Event "DEM U14w 2011"]
[Site "Oberhof GER"]
[Date "2011.06.12"]
[Round "2"]
[White "Siegl, Melina"]
[Black "Paliy, Margaryta"]
[Result "1-0"]
[Termination "normal"]
[Board "8"]
[WhiteElo "1665"]
[BlackElo "1237"]
[PlyCount "105"]
[WhiteFideId "1272126"]
[BlackFideId "24692417"]
[EventCountry "GER"]
[EventRounds "9"]
[EventType "swiss"]
[EventDate "2011.06.11"]

1. e4 e5 2. Nf3 Nf6 3. d3 Nc6 4. Nbd2 Bc5 5. Nb3 Bb6 6. h3 O-O 7. Be3 Bxe3 8.
fxe3 d6 9. Nfd2 d5 10. exd5 Nxd5 11. Qf3 Ndb4 12. Kd1 Nd5 13. c3 Qf6 14. Qxd5
Rd8 15. Qf3 Qxf3+ 16. gxf3 Be6 17. Kc2 b6 18. Rd1 Rd6 19. Bg2 Rad8 20. Ne4
Bxb3+ 21. axb3 R6d7 22. h4 f5 23. Nf2 Ne7 24. Bh3 g6 25. e4 Rd6 26. Rhg1 fxe4
27. Nxe4 Rc6 28. b4 b5 29. Rg5 Nd5 30. Kb3 Nf4 31. Bf1 Rd5 32. d4 exd4 33. Rxd5
Nxd5 34. Bxb5 Rb6 35. Bc4 c6 36. Rxd4 Kg7 37. Bxd5 cxd5 38. Rxd5 Kh6 39. c4 a6
40. Rd6 Rxd6 41. Nxd6 g5 42. hxg5+ Kxg5 43. c5 h5 44. c6 h4 45. c7 h3 46. c8=Q
h2 47. Qh3 Kf6 48. Qxh2 Kg6 49. Qe5 Kh6 50. Qg3 Kh7 51. Qg5 Kh8 52. Nf5 Kh7 53.
Qg7# 1-0

[Event "DEM U14w 2011"]
[Site "Oberhof GER"]
[Date "2011.06.12"]
[Round "2"]
[White "Zahn, Alina"]
[Black "Reksten, Anne"]
[Result "1-0"]
[Termination "normal"]
[Board "9"]
[WhiteElo "1599"]
[BlackElo "1358"]
[PlyCount "67"]
[WhiteFideId "24696730"]
[BlackFideId "24692778"]
[EventCountry "GER"]
[EventRounds "9"]
[EventType "swiss"]
[EventDate "2011.06.11"]

1. e4 c6 2. d4 d5 3. exd5 cxd5 4. Bd3 Nc6 5. c3 Nf6 6. h3 e6 7. Nf3 Be7 8. O-O
Qc7 9. Re1 O-O 10. Ne5 Nxe5 11. dxe5 Nd7 12. Qh5 g6 13. Qe2 Re8 14. Nd2 a6 15.
Nf3 Bf8 16. h4 h5 17. Bg5 Bg7 18. Qe3 Kh7 19. Bf4 Qc5 20. Ng5+ Kg8 21. Qg3 Nf8
22. Re3 Qb6 23. Rb1 f6 24. exf6 Bxf6 25. Be5 Bxe5 26. Qxe5 Nd7 27. Qg3 e5 28.
Qf3 Nf6 29. Bxg6 Bg4 30. Qg3 Nd7 31. Bxe8 Rxe8 32. Nf3 Qg6 33. Rbe1 e4 34. Nd4
1-0

[Event "DEM U14w 2011"]
[Site "Oberhof GER"]
[Date "2011.06.12"]
[Round "2"]
[White "Genath, Maren"]
[Black "Lagunow, Elina"]
[Result "0-1"]
[Termination "normal"]
[Board "11"]
[WhiteElo "1225"]
[BlackElo "1738"]
[PlyCount "71"]
[BlackFideId "4673387"]
[EventCountry "GER"]
[EventRounds "9"]
[EventType "swiss"]
[EventDate "2011.06.11"]

1. e4 c5 2. Nf3 Nc6 3. d4 cxd4 4. Nxd4 g6 5. Nc3 Bg7 6. Be3 Nf6 7. Bc4 O-O 8.
O-O d6 9. h3 Bd7 10. a3 Rc8 11. Qd3 Ne5 12. Bxf7+ Rxf7 13. Qe2 Nc4 14. b3 Nxe3
15. Qxe3 Nh5 16. Nce2 Qb6 17. Qd2 Rcf8 18. Rad1 e5 19. Nf3 Nf4 20. Nxf4 Rxf4
21. Nh2 Bc6 22. Ng4 Bxe4 23. Qxd6 Qxd6 24. Rxd6 Bxc2 25. Rd7 R4f7 26. Rxf7 Rxf7
27. Rc1 Bxb3 28. Rc8+ Rf8 29. Rc7 Rf7 30. Rc8+ Rf8 31. Rc7 Bd5 32. Ne3 Bc6 33.
Nc4 e4 34. Nd6 Rd8 35. Nxb7 Rd1+ 36. Kh2 0-1

[Event "DEM U14w 2011"]
[Site "Oberhof GER"]
[Date "2011.06.12"]
[Round "2"]
[White "Klinge, Alexandra"]
[Black "Mehling, Katharina"]
[Result "1-0"]
[Termination "normal"]
[Board "12"]
[WhiteElo "1127"]
[BlackElo "1644"]
[PlyCount "67"]
[BlackFideId "12900362"]
[EventCountry "GER"]
[EventRounds "9"]
[EventType "swiss"]
[EventDate "2011.06.11"]

1. e4 d6 2. d4 Nf6 3. Nc3 g6 4. Nf3 Bg7 5. Be2 O-O 6. O-O Nc6 7. Bf4 Nd7 8. Qd2
e5 9. dxe5 Ndxe5 10. Nxe5 Nxe5 11. Bg5 f6 12. Bh4 g5 13. Bg3 Ng6 14. Rad1 f5
15. exf5 Bxf5 16. Rfe1 h6 17. Bd3 Qd7 18. b3 Qc6 19. Ne2 Qd7 20. h3 Ne7 21.
Bxf5 Nxf5 22. Bh2 Qc6 23. f3 Qc5+ 24. Kh1 Ne3 25. Bg1 Rae8 26. Ng3 Bd4 27. Qd3
Nxd1 28. Qg6+ Bg7 29. Bxc5 Rxe1+ 30. Bg1 Rf6 31. Qh5 Nc3 32. Qg4 Ne2 33. Nxe2
Rxe2 34. Qc4+ 1-0

[Event "DEM U14w 2011"]
[Site "Oberhof GER"]
[Date "2011.06.12"]
[Round "2"]
[White "Halas, Lena"]
[Black "Denz, Annika"]
[Result "1-0"]
[Termination "normal"]
[Board "13"]
[WhiteElo "1558"]
[BlackElo "1261"]
[PlyCount "95"]
[WhiteFideId "12931799"]
[BlackFideId "12922935"]
[EventCountry "GER"]
[EventRounds "9"]
[EventType "swiss"]
[EventDate "2011.06.11"]

1. e4 e5 2. Nf3 Nc6 3. d4 exd4 4. Nxd4 Bc5 5. Be3 Qf6 6. c3 Nge7 7. Bc4 Ne5 8.
Bb3 b6 9. O-O Qg6 10. Nd2 Ba6 11. c4 O-O 12. h3 c6 13. Qc2 b5 14. cxb5 Bxb5 15.
Qxc5 Bxf1 16. Kxf1 d6 17. Qc2 Rac8 18. Nf5 Nxf5 19. exf5 Qf6 20. Bxa7 Kh8 21.
Bd4 c5 22. Bc3 g6 23. Ne4 Qh4 24. Nxd6 f6 25. Nxc8 c4 26. Bxe5 fxe5 27. Qxc4
Qxc4+ 28. Bxc4 Rxc8 29. Bd3 Rd8 30. Ke2 Kg7 31. fxg6 hxg6 32. Rc1 Kh6 33. Rc6
Rg8 34. a4 Kh5 35. a5 Rb8 36. Rb6 Ra8 37. a6 Ra7 38. Rb7 Ra8 39. a7 g5 40. Be4
g4 41. Rh7+ Kg5 42. Bxa8 gxh3 43. Rxh3 e4 44. Bxe4 Kg4 45. Rf3 Kg5 46. a8=Q Kh4
47. Qg8 Kh5 48. Rh3# 1-0

[Event "DEM U14w 2011"]
[Site "Oberhof GER"]
[Date "2011.06.12"]
[Round "2"]
[White "Lemke, Berfîn"]
[Black "Bohdjalian, Roxanne"]
[Result "1-0"]
[Termination "normal"]
[Board "14"]
[WhiteElo "1592"]
[BlackElo "993"]
[PlyCount "53"]
[WhiteFideId "1270578"]
[BlackFideId "12937789"]
[EventCountry "GER"]
[EventRounds "9"]
[EventType "swiss"]
[EventDate "2011.06.11"]

1. e4 c6 2. d4 d5 3. Nc3 dxe4 4. Nxe4 Bf5 5. Ng3 Bg6 6. h4 h5 7. Nf3 Qd5 8. Bd3
Bxd3 9. Qxd3 e6 10. c4 Qd8 11. O-O c5 12. d5 Nf6 13. Qe2 Bd6 14. dxe6 O-O 15.
Ng5 g6 16. Qd3 Bxg3 17. exf7+ Kg7 18. Ne6+ Kxf7 19. Nxd8+ Kg7 20. Ne6+ Kf7 21.
Nxf8 Kxf8 22. fxg3 Nbd7 23. Qxd7 Kg8 24. Rxf6 a5 25. Qf7+ Kh8 26. Rxg6 Rg8 27.
Rh6# 1-0

[Event "DEM U14w 2011"]
[Site "Oberhof GER"]
[Date "2011.06.13"]
[Round "3"]
[White "Schwarz, Larissa"]
[Black "Srokovskiy, Andrea"]
[Result "1-0"]
[Termination "normal"]
[Board "1"]
[WhiteElo "1748"]
[BlackElo "1749"]
[PlyCount "119"]
[WhiteFideId "24699004"]
[BlackFideId "4624947"]
[EventCountry "GER"]
[EventRounds "9"]
[EventType "swiss"]
[EventDate "2011.06.11"]

1. e4 c5 2. d4 cxd4 3. c3 dxc3 4. Nxc3 Nc6 5. Nf3 d6 6. Bc4 Nf6 7. e5 dxe5 8.
Qxd8+ Nxd8 9. Nb5 Be6 10. Nc7+ Kd7 11. Nxa8 Bxc4 12. Nxe5+ Kc8 13. Nxc4 Kb8 14.
Nab6 axb6 15. Nxb6 Kc7 16. Be3 Nc6 17. Rc1 e6 18. O-O Bd6 19. Nc4 Nd5 20. Rfd1
Ra8 21. Nxd6 Kxd6 22. a3 Ra4 23. b3 Ra8 24. Bc5+ Kd7 25. a4 Na5 26. Rd3 Rc8 27.
Be3 Nc6 28. Bd2 Ke7 29. Bc3 g6 30. Rcd1 Ra8 31. Bb2 Rc8 32. Ba3+ Ke8 33. Rc1
Rd8 34. b4 Ne5 35. Rd4 Nc6 36. Rd2 Ra8 37. b5 Ncb4 38. Bxb4 Nxb4 39. Ra1 Nd5
40. a5 Nc3 41. Rb2 b6 42. a6 Kd7 43. Kf1 Ra7 44. Rb3 Nd5 45. Rc1 Ra8 46. Ke2
Ke7 47. g3 Kd7 48. f4 Ke7 49. Rb2 Kd7 50. Rbc2 Kd8 51. Rc6 Kd7 52. Kf3 Kd8 53.
g4 Kd7 54. Ke4 Rb8 55. f5 Nf6+ 56. Kf4 Nd5+ 57. Ke5 gxf5 58. gxf5 Ne7 59. Rc7+
Kd8 60. fxe6 1-0

[Event "DEM U14w 2011"]
[Site "Oberhof GER"]
[Date "2011.06.13"]
[Round "3"]
[White "Böhm, Jana"]
[Black "Bosse, Lea"]
[Result "1-0"]
[Termination "normal"]
[Board "2"]
[WhiteElo "1743"]
[BlackElo "1541"]
[PlyCount "55"]
[WhiteFideId "24661589"]
[BlackFideId "12900419"]
[EventCountry "GER"]
[EventRounds "9"]
[EventType "swiss"]
[EventDate "2011.06.11"]

1. e4 e6 2. d4 d5 3. Nc3 Nf6 4. e5 Nfd7 5. f4 c5 6. Nf3 Nc6 7. Be3 Be7 8. Bd3
f6 9. dxc5 fxe5 10. Nxe5 Ncxe5 11. fxe5 g6 12. O-O Qc7 13. Nb5 Qc6 14. b4 b6
15. Nd4 Qb7 16. c6 Qb8 17. cxd7+ Bxd7 18. c3 Qxe5 19. Qd2 Rc8 20. Bf4 Qg7 21.
Bh6 Qg8 22. Rae1 Bd6 23. Nb5 Bxb5 24. Bxb5+ Kd8 25. Bg5+ Kc7 26. Bf6 Qf8 27.
Bxh8 Qxh8 28. Rxe6 1-0

[Event "DEM U14w 2011"]
[Site "Oberhof GER"]
[Date "2011.06.13"]
[Round "3"]
[White "Zahn, Alina"]
[Black "Diederichs, Luise"]
[Result "1/2-1/2"]
[Termination "normal"]
[Board "3"]
[WhiteElo "1599"]
[BlackElo "1699"]
[PlyCount "42"]
[WhiteFideId "24696730"]
[BlackFideId "24661597"]
[EventCountry "GER"]
[EventRounds "9"]
[EventType "swiss"]
[EventDate "2011.06.11"]

1. e4 e6 2. d4 d5 3. Nd2 c5 4. exd5 Qxd5 5. Ngf3 Nf6 6. Bc4 Qd8 7. O-O Nc6 8.
Nb3 cxd4 9. Nbxd4 Nxd4 10. Nxd4 a6 11. Bf4 Be7 12. c3 O-O 13. Qf3 Qb6 14. Nb3
Bd7 15. Bd3 Bc6 16. Qh3 Be4 17. Bxe4 Nxe4 18. Rad1 Rfd8 19. Qf3 Rxd1 20. Rxd1
Nf6 21. Be5 Rd8 1/2-1/2

[Event "DEM U14w 2011"]
[Site "Oberhof GER"]
[Date "2011.06.13"]
[Round "3"]
[White "Nitzsche, Pia"]
[Black "Siegl, Melina"]
[Result "1/2-1/2"]
[Termination "normal"]
[Board "4"]
[WhiteElo "1590"]
[BlackElo "1665"]
[PlyCount "72"]
[WhiteFideId "12900370"]
[BlackFideId "1272126"]
[EventCountry "GER"]
[EventRounds "9"]
[EventType "swiss"]
[EventDate "2011.06.11"]

1. c4 g6 2. Nf3 Bg7 3. g3 e5 4. Nc3 f5 5. d3 h6 6. Bg2 Ne7 7. Rb1 O-O 8. O-O
Kh7 9. Bd2 c6 10. e4 d5 11. exd5 cxd5 12. cxd5 Nxd5 13. Nxd5 e4 14. dxe4 fxe4
15. Bb4 exf3 16. Bxf3 Re8 17. Re1 Rxe1+ 18. Qxe1 Nc6 19. Bc3 Qf8 20. Bg2 Bf5
21. Rc1 Re8 22. Qd2 Ne5 23. f4 Nd3 24. Rf1 h5 25. Bxg7 Qxg7 26. Qc3 Qxc3 27.
Nxc3 b6 28. b3 Rc8 29. Nb5 Rc2 30. a4 a5 31. Rd1 Nf2 32. Rf1 Nh3+ 33. Bxh3 Bxh3
34. Rb1 Rg2+ 35. Kh1 Re2 36. Nc3 Bf5 1/2-1/2

[Event "DEM U14w 2011"]
[Site "Oberhof GER"]
[Date "2011.06.13"]
[Round "3"]
[White "Bluhm, Sonja Maria"]
[Black "Rahimi, Anita"]
[Result "1-0"]
[Termination "normal"]
[Board "5"]
[WhiteElo "1867"]
[BlackElo "1341"]
[PlyCount "57"]
[WhiteFideId "24654027"]
[BlackFideId "24692336"]
[EventCountry "GER"]
[EventRounds "9"]
[EventType "swiss"]
[EventDate "2011.06.11"]

1. e4 c5 2. Nf3 d6 3. d4 cxd4 4. Nxd4 Nc6 5. Nc3 e6 6. Be3 Nf6 7. f3 Be7 8. Qd2
a6 9. O-O-O Bd7 10. g4 b5 11. h4 h5 12. g5 Nh7 13. f4 g6 14. Bh3 Qc8 15. Qf2 f5
16. gxf6 Bxf6 17. Nxc6 Qxc6 18. e5 dxe5 19. Bg2 Qc8 20. Bxa8 Qxa8 21. Qg3 Nf8
22. fxe5 Be7 23. Bg5 Bc5 24. Qf4 Nh7 25. Ne4 Bf8 26. Rhf1 Nxg5 27. Nxg5 Qc6 28.
Qf7+ Kd8 29. Qf6+ 1-0

[Event "DEM U14w 2011"]
[Site "Oberhof GER"]
[Date "2011.06.13"]
[Round "3"]
[White "Lemke, Berfîn"]
[Black "Heinemann, Josefine"]
[Result "0-1"]
[Termination "normal"]
[Board "6"]
[WhiteElo "1592"]
[BlackElo "1716"]
[PlyCount "90"]
[WhiteFideId "1270578"]
[BlackFideId "12900460"]
[EventCountry "GER"]
[EventRounds "9"]
[EventType "swiss"]
[EventDate "2011.06.11"]

1. e4 c5 2. Nf3 d6 3. d4 cxd4 4. Nxd4 Nf6 5. Nc3 a6 6. Be2 e6 7. O-O Nbd7 8. f4
b5 9. Bf3 Bb7 10. e5 Bxf3 11. Nxf3 Qb6+ 12. Kh1 Ng4 13. Qe2 b4 14. Nd1 Qb5 15.
Qxb5 axb5 16. exd6 Bxd6 17. Bd2 Bc5 18. h3 Ngf6 19. Nf2 Bxf2 20. Rxf2 Ne4 21.
Kg1 Nxf2 22. Kxf2 b3 23. Nd4 Rxa2 24. Nxb3 Rxa1 25. Nxa1 Nf6 26. Bb4 Nd5 27.
Bd2 Kd7 28. Nb3 Rc8 29. Nd4 b4 30. Kf3 Rc4 31. Ke4 f5+ 32. Kd3 Rc8 33. Nf3 Ke8
34. Nd4 Kf7 35. Nf3 Rd8 36. Ne5+ Kf6 37. Ke2 Rd6 38. g3 h6 39. Nc4 Rc6 40. Kd3
Nb6 41. Ne5 Rd6+ 42. Ke2 Rd4 43. Nd3 Nd5 44. Kf3 b3 45. Ke2 bxc2 0-1

[Event "DEM U14w 2011"]
[Site "Oberhof GER"]
[Date "2011.06.13"]
[Round "3"]
[White "Lagunow, Elina"]
[Black "Rosmait, Emily"]
[Result "1-0"]
[Termination "normal"]
[Board "7"]
[WhiteElo "1738"]
[BlackElo "1253"]
[PlyCount "65"]
[WhiteFideId "4673387"]
[BlackFideId "12937754"]
[EventCountry "GER"]
[EventRounds "9"]
[EventType "swiss"]
[EventDate "2011.06.11"]

1. e4 e5 2. Nf3 Nc6 3. Bc4 Bc5 4. c3 Nf6 5. d3 h6 6. Nbd2 O-O 7. Nf1 d6 8. Bb3
Ne7 9. Ng3 Ng6 10. O-O c6 11. d4 Bb6 12. Re1 Re8 13. h3 Bc7 14. Be3 b5 15. a4
bxa4 16. Bxa4 Bd7 17. Qd2 d5 18. exd5 cxd5 19. dxe5 Nxe5 20. Nxe5 Bxe5 21. Bb3
Bc6 22. Nf5 Ne4 23. Qe2 Qf6 24. Qg4 Qg6 25. Bxa7 Nf6 26. Qf3 Rac8 27. Bd4 Ne4
28. Bc2 Ng5 29. Qg4 h5 30. Ne7+ Rxe7 31. Qxc8+ Re8 32. Bxg6 Rxc8 33. Rxe5 1-0

[Event "DEM U14w 2011"]
[Site "Oberhof GER"]
[Date "2011.06.13"]
[Round "3"]
[White "Gaßmann, Linda"]
[Black "Halas, Lena"]
[Result "1/2-1/2"]
[Termination "normal"]
[Board "8"]
[WhiteElo "1799"]
[BlackElo "1558"]
[PlyCount "82"]
[WhiteFideId "12900451"]
[BlackFideId "12931799"]
[EventCountry "GER"]
[EventRounds "9"]
[EventType "swiss"]
[EventDate "2011.06.11"]

1. e4 c6 2. d4 d5 3. exd5 cxd5 4. Bd3 Nc6 5. c3 Qc7 6. h3 e6 7. Nf3 Bd6 8. O-O
Nf6 9. Re1 Bd7 10. Nbd2 O-O 11. Nf1 a6 12. Bg5 Kh8 13. Qb1 h6 14. Bxf6 gxf6 15.
Ne3 f5 16. Re2 Rg8 17. Kh1 Rg7 18. Re1 Rag8 19. Rg1 Ne7 20. Qd1 Ng6 21. c4 dxc4
22. Nxc4 Be7 23. Nce5 Nf4 24. Bf1 Bc6 25. Kh2 Bxf3 26. Qxf3 Bg5 27. g3 Nd5 28.
Qb3 f4 29. Kh1 fxg3 30. Rxg3 Bh4 31. Rxg7 Rxg7 32. Qf3 f6 33. Ng4 h5 34. Ne3
Qf7 35. Nxd5 exd5 36. Rc1 Rg8 37. Be2 Rg5 38. Rc8+ Rg8 39. Rxg8+ Kxg8 40. Qg2+
Kh7 41. Bf3 Qd7 1/2-1/2

[Event "DEM U14w 2011"]
[Site "Oberhof GER"]
[Date "2011.06.13"]
[Round "3"]
[White "Krein, Jana"]
[Black "Schäfer, Annabelle"]
[Result "0-1"]
[Termination "normal"]
[Board "9"]
[WhiteElo "1213"]
[BlackElo "1545"]
[PlyCount "104"]
[WhiteFideId "12937762"]
[BlackFideId "12917729"]
[EventCountry "GER"]
[EventRounds "9"]
[EventType "swiss"]
[EventDate "2011.06.11"]

1. e4 e5 2. Nf3 Nc6 3. Bc4 Bc5 4. c3 Nf6 5. d3 d6 6. Be3 Bb6 7. O-O Bg4 8. Nbd2
Qd7 9. Qe2 O-O 10. Bxb6 axb6 11. a3 Nh5 12. Qe3 Kh8 13. Kh1 f5 14. exf5 Qxf5
15. Bd5 Nf4 16. Qe4 Qxe4 17. dxe4 Nxd5 18. exd5 Ne7 19. c4 Rf4 20. Rae1 Bxf3
21. gxf3 Ng6 22. Re4 Raf8 23. Rxf4 Rxf4 24. Rc1 Nh4 25. Rc3 Rd4 26. Nf1 Kg8 27.
b4 Kf8 28. h3 g6 29. Kh2 h5 30. Kg3 Nf5+ 31. Kg2 Ke8 32. Ne3 Kd7 33. Nc2 Rd2
34. Ne1 Nh4+ 35. Kg3 Nf5+ 36. Kg2 g5 37. Nd3 Nh4+ 38. Kg3 Nf5+ 39. Kg2 Ne3+ 40.
Kg3 Nxc4 41. Nc1 b5 42. a4 Rxd5 43. axb5 Nb6 44. Rb3 Rxb5 45. Nd3 Nd5 46. h4
gxh4+ 47. Kxh4 Nf4 48. Nc1 b6 49. Kg5 c5 50. Na2 cxb4 51. Rxb4 Rxb4 52. Nxb4
Ke6 0-1

[Event "DEM U14w 2011"]
[Site "Oberhof GER"]
[Date "2011.06.13"]
[Round "3"]
[White "Klinge, Alexandra"]
[Black "Koch, Elisabeth"]
[Result "1-0"]
[Termination "normal"]
[Board "10"]
[WhiteElo "1127"]
[BlackElo "1538"]
[PlyCount "63"]
[BlackFideId "24695068"]
[EventCountry "GER"]
[EventRounds "9"]
[EventType "swiss"]
[EventDate "2011.06.11"]

1. e4 e5 2. Nf3 Nc6 3. d4 exd4 4. Nxd4 Bc5 5. Nxc6 bxc6 6. Nd2 d5 7. Nb3 Bb6 8.
c4 Qh4 9. c5 Qxe4+ 10. Qe2 Nf6 11. Qxe4+ Nxe4 12. cxb6 cxb6 13. Be2 O-O 14. O-O
Re8 15. Re1 Bb7 16. Bf4 Re6 17. Bg4 Rf6 18. Be3 Re8 19. Bd4 Rf4 20. Bd7 Rd8 21.
g3 Rf3 22. Bg4 Ng5 23. h4 f5 24. Re7 fxg4 25. Rxg7+ Kf8 26. Rxg5 Bc8 27. Bg7+
Kf7 28. Nd4 Rd3 29. Nxc6 Re8 30. Rc1 Rd2 31. Ne5+ Ke7 32. Rc7+ 1-0

[Event "DEM U14w 2011"]
[Site "Oberhof GER"]
[Date "2011.06.13"]
[Round "3"]
[White "Weber, Sandra"]
[Black "Reksten, Anne"]
[Result "1/2-1/2"]
[Termination "normal"]
[Board "11"]
[WhiteElo "1624"]
[BlackElo "1358"]
[PlyCount "67"]
[WhiteFideId "1270049"]
[BlackFideId "24692778"]
[EventCountry "GER"]
[EventRounds "9"]
[EventType "swiss"]
[EventDate "2011.06.11"]

1. e4 c6 2. d4 d5 3. Nc3 dxe4 4. Nxe4 Bf5 5. Ng3 Bg6 6. h4 h6 7. Nf3 Nd7 8. h5
Bh7 9. Bd3 Bxd3 10. Qxd3 e6 11. Bd2 Ngf6 12. Qe2 c5 13. O-O-O cxd4 14. Nxd4 Bc5
15. Nb3 Be7 16. Bc3 Qc7 17. Rhe1 O-O 18. Kb1 Rfe8 19. Rd3 Nd5 20. Nf5 Bf6 21.
Bxf6 N7xf6 22. Nd6 Qxd6 23. c4 Qb4 24. cxd5 exd5 25. Re3 Rxe3 26. fxe3 Nxh5 27.
Rc1 Ng3 28. Qf2 Ne4 29. Qf5 Nd2+ 30. Nxd2 Qxd2 31. Rc8+ Rxc8 32. Qxc8+ Kh7 33.
Qf5+ Kg8 34. Qc8+ 1/2-1/2

[Event "DEM U14w 2011"]
[Site "Oberhof GER"]
[Date "2011.06.13"]
[Round "3"]
[White "Paliy, Margaryta"]
[Black "Mehling, Katharina"]
[Result "0-1"]
[Termination "normal"]
[Board "12"]
[WhiteElo "1237"]
[BlackElo "1644"]
[PlyCount "78"]
[WhiteFideId "24692417"]
[BlackFideId "12900362"]
[EventCountry "GER"]
[EventRounds "9"]
[EventType "swiss"]
[EventDate "2011.06.11"]

1. e4 e6 2. d4 d5 3. e5 c5 4. c3 Nc6 5. Bb5 Bd7 6. Nf3 Nxe5 7. Bxd7+ Nxd7 8.
O-O Ngf6 9. Nbd2 Bd6 10. Re1 Qc7 11. Qe2 O-O 12. Ne5 c4 13. Ndf3 b5 14. Nxd7
Nxd7 15. Qc2 a5 16. b3 cxb3 17. axb3 Rfc8 18. Bd2 Nf6 19. Rec1 Ne4 20. c4 Nxd2
21. Nxd2 dxc4 22. bxc4 bxc4 23. Qxc4 Bxh2+ 24. Kh1 Qxc4 25. Rxc4 Rxc4 26. Nxc4
Bc7 27. g3 Kf8 28. Kg2 Ke7 29. Kf3 a4 30. Ke3 Kd7 31. Kd3 Kc6 32. Kc3 Bd6 33.
Ne5+ Bxe5 34. dxe5 a3 35. Kb4 a2 36. Kb3 Kd5 37. f4 Ke4 38. Rxa2 Rxa2 39. Kxa2
Kf3 0-1

[Event "DEM U14w 2011"]
[Site "Oberhof GER"]
[Date "2011.06.13"]
[Round "3"]
[White "Bohdjalian, Roxanne"]
[Black "Petermann, Tessa"]
[Result "0-1"]
[Termination "normal"]
[Board "13"]
[WhiteElo "993"]
[BlackElo "1358"]
[PlyCount "80"]
[WhiteFideId "12937789"]
[BlackFideId "12929492"]
[EventCountry "GER"]
[EventRounds "9"]
[EventType "swiss"]
[EventDate "2011.06.11"]

1. e4 c5 2. Nc3 Nc6 3. Nf3 d6 4. Bb5 Bd7 5. O-O a6 6. Bc4 g6 7. Ng5 e6 8. Nf3
b5 9. Bd3 Bg7 10. b3 b4 11. Bb2 bxc3 12. dxc3 Nf6 13. c4 O-O 14. Rb1 Qc7 15.
Re1 Nh5 16. Ba3 a5 17. e5 Nxe5 18. Nxe5 Bxe5 19. Be2 Nf6 20. Bb2 Bxb2 21. Rxb2
Bc6 22. Bf3 Kg7 23. c3 Bxf3 24. Qxf3 Rab8 25. Qf4 Nh5 26. Qe4 Qb7 27. Qd3 Rfd8
28. b4 Qxg2+ 29. Kxg2 Nf4+ 30. Kg3 Nxd3 31. Reb1 Nxb2 32. Rxb2 axb4 33. Rb3
bxc3 34. Rxc3 Ra8 35. a3 Ra6 36. h4 Rda8 37. Kg4 Rxa3 38. Rxa3 Rxa3 39. f4 f5+
40. Kg5 Rg3# 0-1

[Event "DEM U14w 2011"]
[Site "Oberhof GER"]
[Date "2011.06.13"]
[Round "3"]
[White "Denz, Annika"]
[Black "Genath, Maren"]
[Result "1/2-1/2"]
[Termination "normal"]
[Board "14"]
[WhiteElo "1261"]
[BlackElo "1225"]
[PlyCount "84"]
[WhiteFideId "12922935"]
[EventCountry "GER"]
[EventRounds "9"]
[EventType "swiss"]
[EventDate "2011.06.11"]

1. e4 c6 2. d4 d5 3. Nc3 dxe4 4. Nxe4 Bf5 5. Ng3 Bg6 6. h4 h6 7. Nf3 Nd7 8. h5
Bh7 9. Bd3 Bxd3 10. Qxd3 e6 11. Bf4 Qa5+ 12. Bd2 Qc7 13. O-O-O Ngf6 14. c4 Bd6
15. Ne4 Nxe4 16. Qxe4 Nf6 17. Qh4 O-O-O 18. g3 Rhe8 19. Kb1 Be7 20. Bf4 Qb6 21.
c5 Qb5 22. Rhe1 Nd5 23. Qh1 Nc3+ 24. Ka1 Nxd1 25. Rxd1 Bf6 26. g4 Rd5 27. Ne5
Bxe5 28. Bxe5 f6 29. Bh2 Red8 30. Qe4 Qa4 31. b3 Qb4 32. Qxe6+ R5d7 33. Bd6
Qc3+ 34. Kb1 Qf3 35. Rd2 Qd5 36. Qxd5 cxd5 37. Re2 Rg8 38. f3 Rdd8 39. Re7 Rd7
40. Re3 Kd8 41. b4 b6 42. b5 Kc8 1/2-1/2

[Event "DEM U14w 2011"]
[Site "Oberhof GER"]
[Date "2011.06.14"]
[Round "4"]
[White "Böhm, Jana"]
[Black "Schwarz, Larissa"]
[Result "0-1"]
[Termination "normal"]
[Board "1"]
[WhiteElo "1743"]
[BlackElo "1748"]
[PlyCount "164"]
[WhiteFideId "24661589"]
[BlackFideId "24699004"]
[EventCountry "GER"]
[EventRounds "9"]
[EventType "swiss"]
[EventDate "2011.06.11"]

1. e4 c5 2. Nf3 e6 3. c3 Nf6 4. e5 Nd5 5. d4 cxd4 6. cxd4 Nc6 7. Bc4 Nb6 8. Bb3
d6 9. Qe2 Be7 10. O-O O-O 11. Nc3 a6 12. a3 Qc7 13. Bc2 dxe5 14. dxe5 Nd7 15.
Bf4 b5 16. Qe4 g6 17. h4 Bb7 18. Qe2 Na5 19. h5 Nc4 20. hxg6 hxg6 21. Bd3 Bxf3
22. gxf3 Ncxe5 23. Rac1 Qb8 24. Be4 Ra7 25. Rfd1 Bd6 26. Bc6 Nxf3+ 27. Qxf3
Bxf4 28. Rc2 Nb6 29. Ne4 Be5 30. Ng5 Bf4 31. Ne4 Kg7 32. Nc5 Be5 33. Bd7 Rd8
34. Rcd2 Nxd7 35. Rxd7 Raxd7 36. Rxd7 Rxd7 37. Nxd7 Qd6 38. Nxe5 Qxe5 39. b4 a5
40. bxa5 Qe1+ 41. Kg2 Qxa5 42. Qe3 Kf6 43. Qf4+ Ke7 44. Qg5+ Kd7 45. Qc5 Qa8+
46. Kg1 Qc6 47. Qa7+ Qc7 48. Qd4+ Kc6 49. a4 bxa4 50. Qxa4+ Kd6 51. Qf4+ e5 52.
Qf6+ Kd5 53. Qf3+ e4 54. Qb3+ Qc4 55. Qb7+ Kd4 56. Qb2+ Kd3 57. Qb1+ Kd2 58.
Qb2+ Qc2 59. Qd4+ Qd3 60. Qb2+ Qc2 61. Qd4+ Qd3 62. Qb2+ Kd1 63. Qa1+ Ke2 64.
Qa2+ Ke1 65. Qa1+ Qd1 66. Qb2 f5 67. Kg2 Qf3+ 68. Kg1 Qh3 69. Qc1+ Ke2 70. Qc2+
Kf3 71. Qd1+ Kf4 72. Qd6+ Kg5 73. Qd8+ Kg4 74. Qd1+ Qf3 75. Qd6 g5 76. Qd2 Kh3
77. Kf1 Qd3+ 78. Qe2 Qb1+ 79. Qe1 Qxe1+ 80. Kxe1 Kg2 81. Ke2 f4 82. Ke1 f3 0-1

[Event "DEM U14w 2011"]
[Site "Oberhof GER"]
[Date "2011.06.14"]
[Round "4"]
[White "Srokovskiy, Andrea"]
[Black "Bluhm, Sonja Maria"]
[Result "1/2-1/2"]
[Termination "normal"]
[Board "2"]
[WhiteElo "1749"]
[BlackElo "1867"]
[PlyCount "56"]
[WhiteFideId "4624947"]
[BlackFideId "24654027"]
[EventCountry "GER"]
[EventRounds "9"]
[EventType "swiss"]
[EventDate "2011.06.11"]

1. d4 Nf6 2. Nf3 g6 3. Bf4 Bg7 4. h3 d6 5. e3 O-O 6. Be2 Nbd7 7. Nbd2 c5 8. c3
cxd4 9. cxd4 Nb6 10. O-O Re8 11. Rc1 Bf5 12. Bb5 Rf8 13. Qe2 Ne4 14. Nxe4 Bxe4
15. Bg3 h6 16. Bd3 Bc6 17. Bb5 Qd7 18. Bxc6 bxc6 19. Rc2 Rac8 20. Rfc1 Rc7 21.
Nd2 Rfc8 22. Nb3 Na4 23. Na5 c5 24. b3 Nb6 25. dxc5 Rxc5 26. Rxc5 dxc5 27. Nc4
Nd5 28. Qd2 Qc6 1/2-1/2